000 00647nam a2200253Ia 4500
005 20260121160950.0
008 008 260114s9999 xx 000 0 eng d
020 _a9780203067734
037 _aEBOOK
040 _aCRL
040 _beng
040 _cCRL
041 _2eng
041 _aeng
084 _qCRL
100 _a Lesley Bartlett; Ameena Ghaffar-Kucher
_91038536
245 0 _aRefugees, Immigrants, and Education in the Global South
260 _bTaylor and Francis
260 _c2013
856 _uhttp://www.taylorfrancis.com/books/9780203067734
942 _cEBOOK
999 _c1605352
_d1605352